Statistics for Ultimate NFL quiz

Click here to take the quiz!

General Stats

  • This quiz has been taken 29 times
  • The average score is 13 of 21

Answer Stats

HintAnswer% Correct
Which NFL team was the Steel Curtain from?Pittsburgh Steelers
92%
Who is considered the G.O.A.T.?Tom Brady
88%
Which NFL team lost the Super Bowl 4 times in a row?Buffalo Bills
83%
Which NFL team has the most losses?Green Bay Packers
79%
Who has the most rushing yards for a qb?Michael Vick
79%
Who leads the league in receiving yards?Jerry Rice
75%
Who has the record for most sacks in a season?Michael Strahan
71%
Which NFL player has won the most MVP's?Peyton Manning
71%
Which NFL team has the most wins?Chicago Bears
67%
Who leads the league in rushing yards?Emmitt Smith
67%
Which NFL player has the most receiving yards in the playoffs by a tight end?Gronk
67%
Which NFL team has the least Hall of Famers?Houston Texans
67%
Who holds the record for youngest player to win MVP?Lamar Jackson
67%
Who is widely considered the best NFL linebacker?Lawrence Taylor
67%
Which NFL team went 0-16 first?Detroit Lions
63%
Who was the first pocket qb?Bart Starr
54%
Which player famously guaranteed a Super Bowl win?Joe Namath
50%
Who has the most receiving yards for a rb?Marshall Faulk
42%
Who was considered the first scrambling qb?Fran Tarkenton
29%
Who revolutionized the slot position?West Welker
29%
Who is widely considered the dirtiest NFL player?Vontaze Burfict
25%

Score Distribution

Percentile by Number Answered

Percent of People with Each Score

Your Score History

You have not taken this quiz